Model'noje obespečenije razrabotki regional'nych programm na primere KATEKa

Uložené v:
Podrobná bibliografia
Hlavný autor: Šemetov, Petr Vasil'jevič
Médium: Kniha
Jazyk:Russian
Vydavateľské údaje: Novosibirsk Nauka 1984
Tagy: Pridať tag
Žiadne tagy, Buďte prvý, kto otaguje tento záznam!

MARC

LEADER 00000nam a2200000 4500
001 c107652
005 20041019155139.5
041 0 |a rus 
044 |a RU 
245 1 0 |a Model'noje obespečenije razrabotki regional'nych programm  |b na primere KATEKa  |c Petr Vasil'jevič Šemetov 
264 1 |a Novosibirsk  |b Nauka  |c 1984 
300 |a 141 s. 
100 1 |a Šemetov, Petr Vasil'jevič